000 00764nam a22002177a 4500
001 36706
003 BD-RjUL
005 20211209052525.0
008 140820s1991 bg ||||| |||| 00| 0 ben d
035 _a(BD-RjUL)36807
040 _aBD-RjUL
_bben
_cBD-RjUL
041 _aben
082 _a891.443
_bAWN 1991
100 _aআউয়াল, মোহাম্মদ আবদুল
_9111946
245 _aনীল আকাশের পাখি /
_cমোহাম্মদ আবদুল আউয়াল
260 _aঢাকা :
_bসালেহা খাতুন,
_c১৯৯১
300 _a১১৪ পৃ. ;
_c২১ সেমি.
650 _aবাংলা উপন্যাস
_9157371
651 _3Bengali Fictions
942 _2ddc
_cBK
999 _c36706
_d36706